Tilastot visalle 15 maata joissa on eniten Covid-19-tapauksia - 27. lokakuuta 2021

Klikkaa tästä pelataksesi tätä visaa!

Yleistilastot

  • Tätä visaa on pelattu 4 kertaa
  • Keskiarvotulos 13 / 27

Vastaustilastot

maa% Oikein
Espanja
100%
Intia
100%
Italia
100%
Ranska
100%
Ruotsi
100%
Saksa
100%
Venäjä
100%
Yhdysvallat
100%
Argentiina
67%
Belgia
67%
Brasilia
67%
Turkki
67%
Alankomaat
33%
Indonesia
33%
Israel
33%
Meksiko
33%
Uruguay
33%
Viro
33%
Yhdistynyt
kuningaskunta
33%
Bahrain
0%
Georgia
0%
Iran
0%
Kolumbia
0%
Liettua
0%
Serbia
0%
Slovenia
0%
Tšekki
0%

Tulosjakauma

Persentiili vastausten määrän mukaan

Jokaisen tuloksen saaneiden osuus

Tuloshistoriasi

Et ole pelannut tätä visaa